000 00693nam a2200253Ia 4500
003 OSt
005 20220918222428.0
006 a|||||r|||| 00| 0
007 ta
008 220917b |||||||| |||| 00| 0 eng d
024 _a216,859
037 _cTextual
040 _aARTS
_cARTS
_beng
041 _2eng
_aeng
082 _aT6:3,1g, P0
100 _aHeller Kurt A ...(et...al) Ed.
_9143123
245 0 _aInternational handbook of giftedness and talent
250 _a2nd
260 _aAmsterdam
_bElsevier
_c2001
300 _axvi, 934p
_ccm.
650 _aEDUCATION
942 _hT6:3,1g, P0
_cTEXL
_2CC
999 _c275490
_d275490